| 000 | 02002nam a22003137a 4500 | ||
|---|---|---|---|
| 999 |
_c6566 _d6566 |
||
| 003 | OSt | ||
| 005 | 20200220110415.0 | ||
| 008 | 200220s2001 ck ||||jr|||| 00| 1dspa d | ||
| 020 | _a9789580471066 | ||
| 040 |
_aCO-JMCR _cCO-JMCR |
||
| 041 | 1 |
_aspa _heng |
|
| 082 | 0 | 4 |
_aLM / _2HAWm |
| 100 | 1 |
_aHawthorne, Nathaniel, _eautor _9800 |
|
| 245 | 1 | 0 |
_aMitos griegos : _bcontados otra vez / _cNathaniel Hawthorne ; traducción Anita Gómez de Cárdenas, María Cristina Restrepo |
| 250 | _a1a. edición | ||
| 260 |
_aBogotá : _bNorma, _c2001 |
||
| 300 |
_a149, 33 páginas ; _c21 cm. |
||
| 490 | 0 | _aCara y Cruz | |
| 501 | _aCon: Nathaniel Hawthorne vida y obra | ||
| 505 | 0 | _aEl vellocino de oro -- Los pigmeos -- El palacio de circe -- El minotauro -- El paraíso de los niños | |
| 520 | _aLos griegos son nuestros antepasados míticos. Ellos construyeron, partiendo de su interés en las leyes naturales, una cultura vigorosa, sensible, alegre y orientada a la comprensión. Así lo entiende Nathaniel Hawthorne. Su versión de cinco de los más representativos mitos griegos, conserva el encanto y la frescura de lo maravilloso. Los mitos nos cuentan cómo funciona el mundo. Nos lo dicen generosamente, sin ocultar nada, globalmente y también en detalle, superando siempre el carácter restringido del conocimiento científico. Aunque la obra de Hawthorne está pintada de tintes sombríos y puritanos, su versión de los mitos helénicos es luminosa; en todo momento pretende ser amena y cordial. Para quienes se inician en el estudio de la cultura occidental, Mitos griegos contados otra vez constituye una puerta de entrada amplia y confiable | ||
| 546 | _aTraducido del inglés | ||
| 650 | 1 | 4 |
_aLeyendas estadounidenses _ySiglo XIX _9801 |
| 650 | 1 | 4 |
_aDioses Griegos en la literatura _9802 |
| 650 | 1 | 4 |
_aReyes y soberanos en la literatura _9803 |
| 700 | 1 |
_aGómez de Cárdenas, Anita, _etraductora _9804 |
|
| 700 | 1 |
_aRestrepo, María Cristina, _etraductora _9805 |
|
| 942 |
_2ddc _cBK |
||